Конституція України - основа подальшого розвитку законодавства (Запис № 311003)

МАРК-запис
000 -Лідер
fixed length control field 00822nam a22002417a 4500
003 - Ідентифікатор контрольного номера
control field UA-OsUOA
001 - Контрольний номер
control field 24721
007 - Фіксоване поле фізичного опису
fixed length control field ta
008 - Елементи даних фіксованої довжини – загальна інформація
fixed length control field 20040301b un ||||| |||| 00| 0 ukr d
090 ## - Локальний шифр розміщення
Класифікаційний індекс УДК 340.134(082)
Авторський знак (НП) К65
040 ## - Джерело каталогізації
Агенція оригінальної каталогізації UA-OsUOA
Мова каталогізації ukr
Агенція, яка здійснювала перезапис UA-OsUOA
Агенція, яка здійснювала модифікацію UA-OsUOA
041 ## - Код мови
Код мови тексту/ звукової доріжки чи окремого заголовка (П) ukr
080 ## - Індекс Універсальної десяткової класифікації
Індекс Універсальної десяткової класифікації (УДК) (НП) 340.134(082)
020 ## - Міжнародний стандартний книжковий номер (ISBN)
Міжнародний стандартний книжковий номер (ISBN) (НП) 966-7024-11-3
044 ## - Код країни видавця/ виробника
Код країни видавця/ виробника (П) UA
245 ## - Відомості про назву
Назва (НП) Конституція України - основа подальшого розвитку законодавства
Решта назви (НП) збірник наукових праць
Дані про відповідальність (НП) Ред. Кравчук М.Т.
260 ## - Публікація, розповсюдження і т.п. (Вихідні дані)
Місце публікації, розповсюдження і т.п. (П) К.
Ім’я/ наймення видавництва, розповсюджувача і т.п. (П) Книга
Дата публікації, розповсюдження і т.п. (П) 1997
300 ## - Фізичний опис
Обсяг 320 с.
650 #7 - Додаткове предметне введення – тематичний термін
Тематичний термін чи географічна назва, як елемент введення (НП) 340 Право в цілому. Пропедевтика. Методи та допоміжні правничі науки
Джерело заголовка чи терміна UDC
942 ## - Додаткові елементи входу (Коха)
Тип елемента Koha Книги
955 ## - Код типу видання за змістом
Код типу видання за змістом (НП) Наукові видання
Фонди
Стан вилучень Стан втрат Джерело класифікації або схеми стелажів Стан уражень Не для кредиту Код колекції Постійне місце розташування Поточне розміщення Дата придбання Джерело придбання Вартість, звичайна ціна покупки Інвентарний номер Усього замовленно Повний номер виклику Штрих-код Дата останнього перегляду Ціна ефективна від Тип елемента Koha
    Universal Decimal Classification     Колекція Скрипнюка О.В. АБ - Абонемент НБ АБ - Абонемент НБ 27/08/2013 44/2013 23.00 143327   340.134(082) К65 143327 06/02/2022 01/03/2004 Книги
    Universal Decimal Classification       ЧЗ - Читальна зала ЧЗ - Читальна зала 01/03/2004   23.11 75569   340.134(082) К65 75569 06/02/2022 01/03/2004 Книги